Kitab-e-Iran: Tareekh-e-hunar (Record no. 1679699)

MARC details
000 -LEADER
fixed length control field 00683 a2200217 4500
005 - DATE AND TIME OF LATEST TRANSACTION
control field 20260317103040.0
008 - FIXED-LENGTH DATA ELEMENTS--GENERAL INFORMATION
fixed length control field 260317b |||||||| |||| 00| 0 eng d
020 ## - INTERNATIONAL STANDARD BOOK NUMBER
International Standard Book Number 9789644722622 (pbk)
037 ## - SOURCE OF ACQUISITION
Terms of availability TB
040 ## - CATALOGING SOURCE
Original cataloging agency CRL
Transcribing agency CRL
041 ## - LANGUAGE CODE
Source of code PER
Language code of text/sound track or separate title PER
084 ## - COLON CLASSIFICATION NUMBER
Classification number V45 164Q1
Item number CRL
100 ## - MAIN ENTRY--PERSONAL NAME
Personal name Ayatulhayi, Habibullah
9 (RLIN) 1115919
245 ## - TITLE STATEMENT
Title Kitab-e-Iran: Tareekh-e-hunar
260 ## - PUBLICATION, DISTRIBUTION, ETC.
Place of publication, distribution, etc. Tehran, Iran:
Name of publisher, distributor, etc. Alhoda publications,
Date of publication, distribution, etc. 2011.
300 ## - PHYSICAL DESCRIPTION
Extent 377p.
365 ## - TRADE PRICE
Price amount 1900.00
Currency code INR
650 ## - SUBJECT ADDED ENTRY--TOPICAL TERM
Topical term or geographic name entry element History-Iran
9 (RLIN) 726418
942 ## - ADDED ENTRY ELEMENTS (KOHA)
Koha item type Textbook
Source of classification or shelving scheme Colon Classification (CC)
Classification part V45 164Q1
Holdings
Withdrawn status Lost status Source of classification or shelving scheme Damaged status Not for loan Home library Current library Date acquired Source of acquisition Cost, normal purchase price Inventory number Total Checkouts Full call number Barcode Date last seen Cost, replacement price Price effective from Koha item type
    Colon Classification (CC)     Central Library Central Library 2026-02-17 Nadwi Publications 1520.00 2058 & 14.02.2026   V45 164Q1 CL1926315 2026-02-17 1900.00 2026-02-17 Textbook
Copyright @ Delhi University Library System